000 00770nam a22002417a 4500
001 116814
003 UA-OsUOA
005 20211109225049.0
007 ta
008 20160405b un ||||| |||| 00| 0 ukr d
040 _aUA-OsUOA
_brus
_cUA-OsUOA
_dUA-OsUOA
041 _arus
080 _a94(470+571)
090 _a94(470+571)
_bС30
100 _aСеменов А. И.
245 _aНовгородский Софийский собор - исторический памятник ХІ века
_bпопулярный очерк
260 _aНовгород
_bНовгородская правда
_c1958
300 _a60 с.
650 7 _a94 Історія
_2UDC
942 _cBK
_2udc
955 _a1
999 _c402744
_d402744